000 00285nam a2200121Ia 4500
008 190216s9999||||xx |||||||||||||| ||und||
100 _aCheshire Gc & Fifoot C H S
245 0 _aLaw Of Contract
260 _bButter Worth & Co
_c1969
300 _a609p
650 _aLaw
942 _cBK
999 _c3958
_d3958